El nacimiento de la política.
Salvato in:
| Autore principale: | |
|---|---|
| Natura: | Libro |
| Pubblicazione: |
México, D.F., México:
Grijalbo; Consejo Nacional para la Cultura y las Artes,
1990.
|
| Serie: | Los Noventa,
|
| Soggetti: | |
| Tags: |
Aggiungi Tag
Nessun Tag, puoi essere il primo ad aggiungerne!!
|
MARC
| LEADER | 00000cam a2200000 a 4500 | ||
|---|---|---|---|
| 001 | UCD6331 | ||
| 003 | CL-VaPUC | ||
| 005 | 20220822114541.0 | ||
| 008 | 220704t1990 ||||| |||| 00| 0 eng d | ||
| 999 | |c 436656 |d 436654 | ||
| 020 | |a 970-05-0003-9 | ||
| 040 | |c Pontificia Universidad Católica de Valparaíso | ||
| 082 | 0 | 4 | |a 938 FIN 1990 |
| 100 | 0 | |a Finley, Moses I |e autor |9 590134 | |
| 245 | 1 | 3 | |a El nacimiento de la política. |
| 260 | |a México, D.F., México: |b Grijalbo; |b Consejo Nacional para la Cultura y las Artes, |c 1990. | ||
| 300 | |a 198 páginas. | ||
| 490 | 0 | |a Los Noventa, |n 31. | |
| 500 | |a c.1 Donación Familia Prof. Alejandro Guzmán Brito. | ||
| 583 | |a last modification |c 20161201 17:35:00 |k Catalogador Asistente | ||
| 650 | 0 | |a Historia de Grecia |9 267917 | |
| 650 | 7 | |a Grecia Antigua |2 CL-VaPUC |9 427158 | |
| 650 | 7 | |a Política y estado |2 CL-VaPUC |9 590135 | |
| 942 | |c BK |2 ddc |n 0 | ||
| 952 | |0 0 |1 0 |2 ddc |4 0 |6 938_000000000000000_FIN_1990 |7 0 |8 C_AGB |9 584335 |a BIBDER |b BIBDER |d 2022-07-04 |e Donación |i 5652475 |o 938 FIN 1990 |p 5652475 |r 2023-01-25 |t 1 |w 2022-07-04 |y BK_US |k AGB | ||